Sports Quiz

Random Sports or MLB Quiz
Score 0/12 Timer 03:00
16 Plays Today
Athlete % Correct
Dwyane Wade
94.9%
Allen Iverson
94.6%
Chris Paul
91.7%
Russell Wilson
90.1%
Babe Ruth
86.5%
Alex Rodriguez
64.4%
Evan Longoria
61.9%
Harmon Killebrew
35.9%
Alan Trammell
26.3%
Jan Stenerud
13.3%
Pierre Pilote
4.3%
Marcel Pronovost
1.7%
Come Together.
Have Fun.
All Virtual.
We all need to come together. Play Sporcle's virtual live trivia to have fun, connect with people, and get your trivia on. Join a live hosted trivia game for your favorite pub trivia experience done virtually. If a virtual private party is more your thing, go here for details.

You're not logged in!

Compare scores with friends on all Sporcle quizzes.
OR
Log In

Sporcle TV

Today on Sporcle TV


Watch our educational content, quiz creation guides, and fun videos on Sporcle TV.

Show Comments

Extras

Top Quizzes Today


Score Distribution

Paid Content

Your Account Isn't Verified!

In order to create a playlist on Sporcle, you need to verify the email address you used during registration. Go to your Sporcle Settings to finish the process.

Report this User

Report this user for behavior that violates our Community Guidelines.

Details: